Basket: Pays Champions d'Europe (Hommes et Femmes) - Statistiques

Statistiques générales
  • Ce quiz a été pris 264 fois
  • Le résultat moyen est 14 sur 19
Statistiques - réponses
Réponse % Correct
France
100%
Espagne
99%
Allemagne
96%
URSS
95%
Yougoslavie
93%
Italie
92%
Serbie
91%
Grèce
86%
Russie
82%
Slovénie
80%
Lituanie
79%
Pologne
69%
Lettonie
63%
Ukraine
60%
Hongrie
58%
Tchécoslovaquie
58%
Bulgarie
48%
République Tchèque
47%
Egypte
8%
Aucun quiz correspondant
Distribution des résultats
% des personnes avec chaque résultat
Percentile par nombre de réponses
Votre historique - résultats
Vous n’avez pas pris ce quiz